|
|
|
|
| LEADER |
00000cab a2200000 a 4500 |
| 001 |
041470 |
| 003 |
UAHC_CL |
| 005 |
20170803124557.0 |
| 008 |
050705b xx j 000 1 spa |
| 040 |
|
|
|a UAHC_CL
|c UAHC_CL
|d UAHC_CL
|
| 100 |
1 |
|
|a Usandizaga, Helena
|
| 245 |
1 |
0 |
|a Cosmovisión y conocimiento andinos en el pez de oro, de Gamaliel Churata /
|c Helena Usandizaga.
|
| 500 |
|
|
|a Revista Andina 40, primer semestre del 2005, 237-259
|
| 520 |
|
|
|a La obra de Gamaliel Churata (Arequipa, 1897-Lima, 1969) despierta en los últimos tiempos un interés creciente: Cornejo Polar afirmó, en 1989, que El Pez de Oro (1957), su obra más importante, es "uno de los grandes retos no asumidos de la crítica peruana" (Cornejo Polar 1989: 140 nota). En torno a este reto hay actualmente un consenso, el de la necesidad de estudiar más a fondo esta obra -que no es una novela, ni un ensayo, ni un libro de poemas, y es todo esto a la vez- para incorporarla a la tradición. Hay también una disensión: en los últimos años, parece que la discusión se está polarizando en torno a la idea de si se trata de una obra conectada con la cultura andina (Bosshard 2002, Huamán 1994, Pantigoso 1999, Zevallos 2002), o si su peculiar estructura y punto de vista los explican más bien las referencias vanguardistas, en especial el surrealismo (Badini 1997, Keeth 2004).
|
| 520 |
|
|
|a La obra de Gamaliel Churata (Arequipa, 1897-Lima, 1969) despierta en los últimos tiempos un interés creciente: Cornejo Polar afirmó, en 1989, que El Pez de Oro (1957), su obra más importante, es "uno de los grandes retos no asumidos de la crítica peruana" (Cornejo Polar 1989: 140 nota). En torno a este reto hay actualmente un consenso, el de la necesidad de estudiar más a fondo esta obra -que no es una novela, ni un ensayo, ni un libro de poemas, y es todo esto a la vez- para incorporarla a la tradición. Hay también una disensión: en los últimos años, parece que la discusión se está polarizando en torno a la idea de si se trata de una obra conectada con la cultura andina (Bosshard 2002, Huamán 1994, Pantigoso 1999, Zevallos 2002), o si su peculiar estructura y punto de vista los explican más bien las referencias vanguardistas, en especial el surrealismo (Badini 1997, Keeth 2004).
|
| 520 |
|
|
|a La obra de Gamaliel Churata (Arequipa, 1897-Lima, 1969) despierta en los últimos tiempos un interÈs creciente: Cornejo Polar afirmÛ, en 1989, que El Pez de Oro (1957), su obra m·s importante, es "uno de los grandes retos no asumidos de la crÌtica peruana" (Cornejo Polar 1989: 140 nota). En torno a este reto hay actualmente un consenso, el de la necesidad de estudiar m·s a fondo esta obra -que no es una novela, ni un ensayo, ni un libro de poemas, y es todo esto a la vez- para incorporarla a la tradiciÛn. Hay tambiÈn una disensiÛn: en los últimos aÒos, parece que la discusiÛn se est· polarizando en torno a la idea de si se trata de una obra conectada con la cultura andina (Bosshard 2002, Huam·n 1994, Pantigoso 1999, Zevallos 2002), o si su peculiar estructura y punto de vista los explican m·s bien las referencias vanguardistas, en especial el surrealismo (Badini 1997, Keeth 2004).
|
| 759 |
|
|
|a PP116
|
| 773 |
0 |
|
|t Revista andina.
|w 041480
|
| 900 |
|
|
|a REVISTA ANDINA-40/05
|
| 942 |
|
|
|c REVA
|
| 952 |
|
|
|0 0
|1 0
|4 0
|6 REVISTA_ANDINA40_05_000000000000000
|7 0
|8 General
|9 77817
|a BC
|b BC
|c General
|d 2017-08-03
|l 0
|o REVISTA ANDINA-40/05
|p FICTICIO7033
|r 2019-01-08 00:00:00
|t 1
|w 2017-08-03
|y REVA
|
| 999 |
|
|
|c 41470
|d 41470
|